000 01031nam a2200241 i 4500
001 105732
003 ES-MaACL
005 20250810220341.0
007 t|
008 060814s1956 sp a |||| | spa d
080 _a001(460)"1956"
080 _a061.21(460.27) Ateneo "1956"
110 2 _aEspaña.
_bDirección General de Información.
_93743
245 1 3 _aEl público y la cultura
_b: ateneos de España, 1956 : [cuarto informe anual sobre las actividades culturales de la Dirección General de Información, en colaboración con los ateneos de España y otras entidades similares].
260 _aMadrid :
_b[Dirección General de Información] :
_bAltamira,
_c1956.
300 _a123 p. :
_bil. ;
_c21 x 21 cm.
610 2 7 _aAteneo de Madrid-
_xActos culturales-
_y1951-1956
_2
_9161913
610 1 4 _aEspaña.
_bDirección General de Información.
_93743
650 4 _aIndustria cultural-
_zEspaña.
_9155877
650 7 _aAteneos-
_zEspaña
_2
_9171249
852 _aES-MaACL
_jC-12044
999 _c105732
_d105732